Presidential address by Prof. Sher Singh (Record no. 491686)

000 -LEADER
fixed length control field 00338cam a22001097a 4500
008 - FIXED-LENGTH DATA ELEMENTS--GENERAL INFORMATION
fixed length control field 180718b-- xxu||||| |||| 00| 0 eng d
082 ## - DEWEY DECIMAL CLASSIFICATION NUMBER
Classification number I5690028x54 P/A
100 ## - MAIN ENTRY--PERSONAL NAME
Personal name Indian Historical Records Commission
245 ## - TITLE STATEMENT
Title Presidential address by Prof. Sher Singh
260 ## - PUBLICATION, DISTRIBUTION, ETC.
Place of publication, distribution, etc.
Name of publisher, distributor, etc. Manager of Publications
Date of publication, distribution, etc. --
500 ## - GENERAL NOTE
General note Library has sessions 38-39
Holdings
Withdrawn status Lost status Damaged status Not for loan Permanent Location Current Location Date acquired Full call number Barcode Date last seen Price effective from Koha item type
        Indian Institute of Public Administration Indian Institute of Public Administration 2018-08-04 I5690028x54 P/A GG31875 2018-08-04 2018-08-04 GG
        Indian Institute of Public Administration Indian Institute of Public Administration 2018-08-04 I5690028x54 P/A GG31606 2018-08-04 2018-08-04 GG

Powered by Koha